Toward a growing marriage. (Record no. 14611)

000 -LEADER
fixed length control field 00767nam a2200217 a 4500
001 - CONTROL NUMBER
control field :::00012443$&:&@@
003 - CONTROL NUMBER IDENTIFIER
control field OkBaRHE
005 - DATE AND TIME OF LATEST TRANSACTION
control field 20001101133526.0
008 - FIXED-LENGTH DATA ELEMENTS--GENERAL INFORMATION
fixed length control field s1979 j 000 0 eng u
040 ## - CATALOGING SOURCE
Transcribing agency
100 1# - MAIN ENTRY--PERSONAL NAME
Personal name Chapman, Gary D., 1938-
245 10 - TITLE STATEMENT
Title Toward a growing marriage.
260 ## - PUBLICATION, DISTRIBUTION, ETC. (IMPRINT)
Place of publication, distribution, etc Chicago, IL., :
Name of publisher, distributor, etc Moody Press
Date of publication, distribution, etc c1979
300 ## - PHYSICAL DESCRIPTION
Extent 190 p. ;
Dimensions 22 cm.
650 ## - SUBJECT ADDED ENTRY--TOPICAL TERM
Topical term or geographic name as entry element Christian Life
650 ## - SUBJECT ADDED ENTRY--TOPICAL TERM
Topical term or geographic name as entry element Marriage
942 ## - ADDED ENTRY ELEMENTS (KOHA)
Source of classification or shelving scheme
Koha item type Books
Copies
Copy number Damaged status Date acquired Not for loan Withdrawn status Price effective from Shelving location Source of classification or shelving scheme Current Location Permanent Location Date last seen Lost status Full call number Barcode Koha item type
1 2010-04-14  2010-04-14General Stacks  RHEMA Bible Training College2010-04-14 HQ 734 .C46812443Books
2 2010-04-14  2010-04-14General Stacks  RHEMA Bible Training College2010-04-14 HQ 734 .C46815431Books
3 2010-04-14  2010-04-14General Stacks  RHEMA Bible Training College2010-04-14 HQ 734 .C46818446Books
4 2011-09-27  2011-09-27General Stacks RHEMA Bible Training CollegeRHEMA Bible Training College2011-10-29 HQ 734 .C46822091Books